000 00813nam a22002657a 4500
003 CHAP
005 20220329141754.0
008 971013s r 00010 d
010 _a73584
011 _a74556
035 _a84115
040 _cCHAP
090 _aR-439
100 0 0 _aGardner, Joseph A. F.
_946853
245 _aExtractive chemistry of wood and its in fluence of finishing
500 _aSobretiro de : Journal of Paint Technology. 35(485):698-706,1965
590 _aBATCH-UPD
_b10
_c20130110
_lUCH01
_h0726
590 _aBATCH-UPD
_b10
_c20130410
_lUCH01
_h0410
590 _aBATCH-UPD
_b10
_c20130914
_lUCH01
_h1531
590 _aCONVERSION
_b10
_c20130109
_lUCH01
_h1340
650 1 4 _aMadera
_xQuĂ­mica.
_969623
901 _aBK
942 _cREIMP
949 _aR-439
_bBC
_cR
_d-39266
_eTS1
_i84115
_si
999 _c73584
_d73584